|
|
|
|
| LEADER |
00000nam0a2200000 4500 |
| 001 |
335226 |
| 005 |
20231102004731.0 |
| 035 |
|
|
|a (RuTPU)RU\TPU\book\361591
|
| 090 |
|
|
|a 335226
|
| 100 |
|
|
|a 20170919d1964 km y0rusy50 ca
|
| 101 |
0 |
|
|a rus
|
| 102 |
|
|
|a RU
|
| 105 |
|
|
|a a z 000zy
|
| 200 |
1 |
|
|a Измерительные спусковые устройства
|f В. В. Титов
|
| 210 |
|
|
|a Москва
|a Ленинград
|c Энергия
|d 1964
|
| 215 |
|
|
|a 32 с.
|c ил.
|
| 225 |
1 |
|
|a Массовая радиобиблиотека
|v Выпуск 527
|
| 606 |
1 |
|
|a Спусковые устройства в радиоаппаратуре
|2 stltpush
|3 (RuTPU)RU\TPU\subj\56082
|9 74013
|
| 606 |
1 |
|
|a Электроизмерительные приборы
|2 stltpush
|3 (RuTPU)RU\TPU\subj\19992
|9 45139
|
| 610 |
1 |
|
|a измерительные устройства
|
| 610 |
1 |
|
|a триггеры
|
| 610 |
1 |
|
|a мультивибраторы
|
| 610 |
1 |
|
|a применение
|
| 610 |
1 |
|
|a электрические величины
|
| 610 |
1 |
|
|a фазометрия
|
| 610 |
1 |
|
|a неэлектрические величины
|
| 610 |
1 |
|
|a тахометры
|
| 610 |
1 |
|
|a импульсные датчики
|
| 675 |
|
|
|a 621.396.6
|v 4
|
| 675 |
|
|
|a 621.317.7
|v 4
|
| 700 |
|
1 |
|a Титов
|b В. В.
|g Владимир Васильевич
|
| 801 |
|
1 |
|a RU
|b 63413507
|c 20170919
|
| 801 |
|
2 |
|a RU
|b 63413507
|c 20201118
|g RCR
|
| 942 |
|
|
|c BK
|